BIBLIOTHÈQUE DE LA MAISON DU MEXIQUE

Logo 1 Logo 2

Ricardo Regazzoni (notice nᵒ 12695)

détails MARC
000 -Sello discográfico
campo de control de longitud fija 00921nam a2200277 4500
005 - Identificación de versión
campo de control 20260325141354.0
010 ## - Número Estándar Internacional de Libros (ISBN)
Número (ISBN) 84-7506-721-2
099 ## - fechas locales
Tipo de ítem Koha LIBRO
100 ## - Datos de procesamiento general
Datos de procesamiento general 20260318d2005 u||y0spay50 ba
101 ## - Idioma del recurso
Idioma del texto, banda sonora, etc. Español; Castellano
-- Alemán
-- Inglés
105 ## - Campo de datos codificados: Material textual, monográfico
Datos codificados de monografía a 001zy
200 ## - Título y mención de responsabilidad
Título propio Ricardo Regazzoni
Designación general del material texto impreso
Otra información del título Fuge und Variationen
Primer mención de responsabilidad Dirección Omar Akbar
210 ## - Publicación, distribución, etc.
Lugar de publicación, distribución, etc. Madrid
Nombre del editor, distribuidor, etc. Consejo Nacional para la Cultura y las Artes
-- Editorial Turner
Fecha de publicación, distribución, etc. 2005
215 ## - Descripción física
Designación de material específico y extensión del ítem 75 p
Otras características físicas il.
Dimensiones 32 cm
300 ## - Notas generales
Texto de la nota Exposición Bauhaus Dessau Deutschland del 29 abril al 29 mayo 2005
300 ## - Notas generales
Texto de la nota Texto en alemán, español e inglés
345 ## - Nota de información de adquisición
Fuente de adquisición/dirección de la suscripción [OBSOLETO] Donación
600 ## - Nombre personal usado como materia
Elemento de entrada Regazzoni
Parte del nombre distinta del elemento de entrada Ricardo
Fechas 1942-2025
Subdivisión temática Exposiciones
Número Koha 19544
606 ## - Término temático usado como materia
Elemento de entrada Escultores mexicanos
Subdivisión cronológica Siglo XX
Número Koha 12655
660 ## - Código de área geográfica
Código MX
702 ## - Nombre personal - Responsabilidad secundaria
Elemento de entrada Akbar
Parte del nombre distinta del elemento de entrada Omar
Número Koha 19545
801 ## - Fuente de origen
País FR
Agencia cm
Reglas de catalogación (convenciones descriptivas) AFNOR
942 ## - ELEMENTOS DE ENTRADA SECUNDARIOS (KOHA)
Tipo de ítem Koha Livre
Exemplaires
Estatus retirado Estado de daño Estado de pérdida Fuente de la clasificación o esquema de estantería Fecha de adquisición Biblioteca de origen Biblioteca actual Código de barras Precio de reemplazo Signatura topográfica completa No para préstamo Tipo de ítem Koha Nota no pública
      Clasificación Decimal Dewey 18/03/2026 Casa México Paris Casa México Paris 002658 18/03/2026 704.94 R333r   Livre 751145101